Pénzügyek és globalizáció

Elmentve itt :
Bibliográfiai részletek
További közreműködők: Botos Katalin
Dokumentumtípus: Könyv
Megjelent: JATEPress Szeged 2005
Sorozat:SZTE Gazdaságtudományi Kar közleményei
Kulcsszavak:Pénzügy - nemzetközi - tanulmányok, Globalizáció - tanulmányok
Tárgyszavak:
Online Access:http://acta.bibl.u-szeged.hu/37411
LEADER 00747nam a2200205 i 4500
001 acta37411
005 20210914130104.0
008 161201s2005 hu o 0|| hun d
020 |a 963 482 725 X 
040 |a SZTE Egyetemi Kiadványok Repozitórium  |b hun 
041 |a hun 
245 0 0 |a Pénzügyek és globalizáció  |h [elektronikus dokumentum] 
260 |a JATEPress  |b Szeged  |c 2005 
300 |a 361 p.  |c 24 cm 
490 0 |a SZTE Gazdaságtudományi Kar közleményei 
650 4 |a Társadalomtudományok 
650 4 |a Közgazdasági és gazdálkodástudományok 
695 |a Pénzügy - nemzetközi - tanulmányok, Globalizáció - tanulmányok 
700 0 1 |a Botos Katalin 
856 4 0 |u http://acta.bibl.u-szeged.hu/37411/1/gtk_2005.pdf  |z Dokumentum-elérés